Emanuel Lasker : Biographie eines Schachweltmeisters /

Hlavní autor: Hannak, J. 1892-1973
Jazyk: Němčina
Vydáno: Berlin : S. Engelhardt, 1952
Témata:
Fyzický popis: 315 s., 5 il. příl.
Knihy
Uloženo v:
LEADER 00696nam a22001932a 4500
001 000183026
003 CZ BrMZK
005 19970107143423.0
008 970107s1952 gw f ger d
040 |a BOA001  |b cze 
080 |a 794.1(430)"18/19":929 Lasker, Emanuel  |2 MRF 
100 1 |a Hannak, J.  |q (Jacques),  |d 1892-1973  |7 jn20030305012 
245 1 0 |a Emanuel Lasker :  |b Biographie eines Schachweltmeisters /  |c Jacques Hannak. 
260 |a Berlin :  |b S. Engelhardt,  |c 1952 
300 |a 315 s., 5 il. příl. 
910 |a BOA001  |b PK-Š-0000.313 
964 |a Lasker, Emanuel - život a dílo 
990 |a BK 
996 7 |b 3119947452  |c PK-Š-0000.313  |l MZK  |r Sklad / do 1 hodiny  |n 3  |w 000183026  |u 000010  |a 1  |e BOA001  |j MZK50  |s A